| 000 | 01214nam a2200229Ia 4500 | ||
|---|---|---|---|
| 001 | L240-12519 | ||
| 003 | IT-CnALBA | ||
| 008 | 170116s9999||||xx |||||||||||||| ||und|| | ||
| 040 |
_aIT-CnALBA _cIT-CnALBA |
||
| 041 | _aSPAGNOLO | ||
| 100 | _aMAZZEL MASSIMILIANO | ||
| 245 | 0 | _aAMOR DE MADRE. | |
| 250 | _a1a ed. | ||
| 260 |
_aCINISELLO BALSAMO (MI) _bEDIZIONI PAOLINE _c1953 [1° Ed.:1953 - Ed.Ling.Originale: 1953] |
||
| 300 | _a345 p. (prefazione: 5) | ||
| 500 | _aTRADUZIONE DALL'ITALIANO DI C. RUIZ GARRIDO. MISSIONE MATERNA. REGOLAZIONE DELLE NASCITE. MATERNITÀ SPIRITUALE. NASCITA. BATTESIMO. PRIMA EDUCAZIONE. EDUCAZIONE DELL'INFANZIA, DELL'ADOLESCENZA. EDUCAZIONE ALLA PREGHIERA. LIBRI. CINEMA. ASSOCIAZIONI. SOFFE | ||
| 501 | _aSocietà San Paolo EM - Piazza San Paolo, 14 - 12051 ALBA (CN) (non commercial uses only) ® Copyright 2017 | ||
| 520 | _aTRADUZIONE DALL'ITALIANO DI C. RUIZ GARRIDO. MISSIONE MATERNA. REGOLAZIONE DELLE NASCITE. MATERNITÀ SPIRITUALE. NASCITA. BATTESIMO. PRIMA EDUCAZIONE. EDUCAZIONE DELL'INFANZIA, DELL'ADOLESCENZA. EDUCAZIONE ALLA PREGHIERA. LIBRI. CINEMA. ASSOCIAZIONI. SOFFE | ||
| 650 | _aTEOLOGIA SPIRITUALE CRISTIANA | ||
| 942 | _cBK | ||
| 957 | _71 | ||
| 999 |
_a17272 _bNO _g Copie: 1 _c271695 _d271695 |
||